Aplikácia počítačom podporovanej výroby (CAM) a topologickej optimalizácie pre robotickú operáciu frézovania

Salvato in:
Dettagli Bibliografici
Autore principale: Mikuš, Samuel (Autore)
Altri autori: Križan, Peter (Relatore della tesi)
Natura: Manoscritto Libro
Lingua:slovacco
Pubblicazione: 2024
Soggetti:
Accesso online:http://is.stuba.sk/zp/portal_zp.pl?podrobnosti=176493
Tags: Aggiungi Tag
Nessun Tag, puoi essere il primo ad aggiungerne!!

MARC

LEADER 00000ntm a22000003a 4500
001 stuzp99891
003 SK-STU
005 20241106084606.6
007 ta
008 150427s2015----xo-----f-mn---000-0-slo-d
040 |a STU  |b slo 
041 0 |a slo 
100 1 |a Mikuš, Samuel  |u 020070  |4 aut  |U SjF Strojnícka fakulta  |T SjF Ústav výrobného inžinierstva a kvality produkcie  |X 121714  |U J0070  |Y 804  |7 121714 
242 0 1 |a Application of computer aided manufacturing (CAM) and topological optimization for robotic milling operation  |y eng 
245 1 0 |a Aplikácia počítačom podporovanej výroby (CAM) a topologickej optimalizácie pre robotickú operáciu frézovania 
260 |c 2024 
650 4 |a topologická optimalizácia  |2 slo 
650 4 |a CAM simulácia  |2 slo 
650 4 |a priemyselný robot  |2 slo 
650 4 |a robotické obrábanie  |2 slo 
650 4 |a frézovanie  |2 slo 
650 4 |a G-kód  |2 slo 
650 4 |a topology optimization  |2 eng 
650 4 |a industrial robot  |2 eng 
650 4 |a robotic machining  |2 eng 
650 4 |a milling  |2 eng 
650 4 |a G-code  |2 eng 
650 4 |a CAM simulation  |2 eng 
700 1 |a Križan, Peter  |u 020070  |k Z1  |4 ths  |U SjF Strojnícka fakulta  |T SjF Ústav výrobného inžinierstva a kvality produkcie  |X 38318  |U J0070  |Y 804  |7 A000038318 
856 4 |u http://is.stuba.sk/zp/portal_zp.pl?podrobnosti=176493 
996 |b 284J047620  |c J* 3715/DDP  |l JJSK  |s A  |a 24  |w stuzp99891_0001